In their own words : Luyện kỹ năng nghe hiểu từ ngữ liệu thật

محفوظ في:
التفاصيل البيبلوغرافية
المؤلف الرئيسي: Tom Boyd
التنسيق: كتاب
اللغة:Undetermined
منشور في: Tp. HCM Tp. HCM 1997
الموضوعات:
الوسوم: إضافة وسم
لا توجد وسوم, كن أول من يضع وسما على هذه التسجيلة!
Thư viện lưu trữ: Trung tâm Học liệu Trường Đại học Cần Thơ
LEADER 00508nam a2200181Ia 4500
001 CTU_53162
008 210402s9999 xx 000 0 und d
020 |b 10000 
082 |a 428.24 
082 |b B789 
100 |a Tom Boyd 
245 0 |a In their own words : Luyện kỹ năng nghe hiểu từ ngữ liệu thật 
245 0 |c Tom Boyd 
260 |a Tp. HCM 
260 |b Tp. HCM 
260 |c 1997 
650 |a english language 
980 |a Trung tâm Học liệu Trường Đại học Cần Thơ